| 000 | 00745nam a2200229 a 4500 | ||
|---|---|---|---|
| 001 | 44714 | ||
| 003 | BD-RjUL | ||
| 005 | 20211209053914.0 | ||
| 008 | 160720s1967 bg ||||| |||| 00| 0 ben d | ||
| 035 | _a(BD-RjUL)44832 | ||
| 040 |
_aBD-RjUL _bben _cBD-RjUL |
||
| 041 | _aben | ||
| 082 |
_223 _aB 891.441 _bUDR 1967 |
||
| 100 |
_aউদদীন, জসীম _9137105 |
||
| 245 |
_aরঙিলা নায়ের মাঝি / _cজসীম উদদীন. |
||
| 250 | _a৭ম সং | ||
| 260 |
_aঢাকা : _bপলাস প্রকাশনী, _c১৯৬৭. |
||
| 300 |
_a৬৪ পৃ. ; _c২০ সেমি. |
||
| 650 |
_aবাংলা কবিতা _9137106 |
||
| 650 |
_aBengali Poetry _9137107 |
||
| 942 |
_2ddc _cBK |
||
| 999 |
_c44714 _d44714 |
||